Electrical Machinery (Record no. 5260)
[ view plain ]
| 000 -LEADER | |
|---|---|
| fixed length control field | 00458nam a2200157Ia 4500 |
| 003 - CONTROL NUMBER IDENTIFIER | |
| control field | SGT |
| 020 ## - INTERNATIONAL STANDARD BOOK NUMBER | |
| International Standard Book Number | 817409-1734 |
| 082 ## - DEWEY DECIMAL CLASSIFICATION NUMBER | |
| Classification number | 621.31042 |
| Item number | BIM |
| 100 ## - MAIN ENTRY--PERSONAL NAME | |
| Personal name | Bimbhra,P.S |
| 245 ## - TITLE STATEMENT | |
| Title | Electrical Machinery |
| 260 ## - PUBLICATION, DISTRIBUTION, ETC. (IMPRINT) | |
| Name of publisher, distributor, etc | Khanna Books Publishing Co. Ltd. |
| Place of publication, distribution, etc | N. Delhi |
| Year of Publication | 2011 |
| 300 ## - PAGE DESCRIPTION | |
| No. of Pages | 1040p. |
| 650 ## - SUBJECT ADDED ENTRY--TOPICAL TERM | |
| Topical term or geographic name as entry element | ELECTRICAL ENGINEERING |
| 653 ## - KEYWORDS--INDEX TERM | |
| Keyword term | OVERVIEW OF ELECTRICAL MACHINERY, TRANSFORMERS, ELECTRO MECHANICAL ENERGY CONVERSION PRINCIPLES |
| 942 ## - ADDED ENTRY ELEMENTS (KOHA) | |
| Source of classification or shelving scheme | Dewey Decimal Classification |
| Koha item type | Books |
| Withdrawn status | Lost status | Source of classification or shelving scheme | Damaged status | Not for loan | Home library | Current library | Date acquired | SGTU | Total Checkouts | Full call number | Accession No. (Barcode) | Date last seen | Bill Date | Koha item type |
|---|---|---|---|---|---|---|---|---|---|---|---|---|---|---|
| Dewey Decimal Classification | SGT Engineering Library | SGT Engineering Library | 28/06/2011 | SGTU | 621.31042 BIM | FE3598 | 09/02/2015 | 09/02/2015 | Books | |||||
| Dewey Decimal Classification | SGT Engineering Library | SGT Engineering Library | 28/06/2011 | SGTU | 621.31042 BIM | FE3599 | 09/02/2015 | 09/02/2015 | Books | |||||
| Dewey Decimal Classification | SGT Engineering Library | SGT Engineering Library | 28/06/2011 | SGTU | 621.31042 BIM | FE3600 | 09/02/2015 | 09/02/2015 | Books | |||||
| Dewey Decimal Classification | SGT Engineering Library | SGT Engineering Library | 28/06/2011 | SGTU | 621.31042 BIM | FE3601 | 09/02/2015 | 09/02/2015 | Books | |||||
| Dewey Decimal Classification | SGT Engineering Library | SGT Engineering Library | 28/06/2011 | SGTU | 621.31042 BIM | FE3602 | 09/02/2015 | 09/02/2015 | Books | |||||
| Dewey Decimal Classification | SGT Engineering Library | SGT Engineering Library | 06/10/2013 | SGTU | 621.31042 BIM | FE6258 | 09/02/2015 | 09/02/2015 | Books |